<?xml version="1.0" encoding="UTF-8"?>
<marc:record xmlns:marc="http://www.loc.gov/MARC21/slim">
   <marc:leader>00000nam a2200000 a 4500</marc:leader>
   <marc:datafield ind1="1" ind2=" " tag="100">
      <marc:subfield code="a">Braunburg, Rudolf</marc:subfield>
      <marc:subfield code="4">aut</marc:subfield>
      <marc:subfield code="e">Verfasser/-in</marc:subfield>
   </marc:datafield>
   <marc:datafield ind1="1" ind2=" " tag="100">
      <marc:subfield code="a">Braunburg, Rudolf</marc:subfield>
   </marc:datafield>
   <marc:datafield ind1=" " ind2=" " tag="653">
      <marc:subfield code="a">Geschichte</marc:subfield>
   </marc:datafield>
   <marc:datafield ind1=" " ind2=" " tag="653">
      <marc:subfield code="a">Luftfahrt</marc:subfield>
   </marc:datafield>
   <marc:datafield ind1="0" ind2="0" tag="245">
      <marc:subfield code="a">Fliegerei und Luftfahrt</marc:subfield>
   </marc:datafield>
   <marc:datafield ind1="0" ind2="0" tag="245">
      <marc:subfield code="c">Rudolf Braunburg</marc:subfield>
   </marc:datafield>
   <marc:datafield ind1=" " ind2="1" tag="264">
      <marc:subfield code="a">Nürnberg</marc:subfield>
      <marc:subfield code="b">Tessloff</marc:subfield>
      <marc:subfield code="c">2001</marc:subfield>
   </marc:datafield>
   <marc:datafield ind1="1" ind2=" " tag="490">
      <marc:subfield code="a">¬Ein¬ Was-ist-was-Buch ; 10</marc:subfield>
   </marc:datafield>
   <marc:datafield ind1=" " ind2=" " tag="250">
      <marc:subfield code="a">[Neuausg.]</marc:subfield>
   </marc:datafield>
   <marc:datafield ind1="1" ind2=" " tag="520">
      <marc:subfield code="a">Der Band spannt den Bogen von alten Mythen zur heutigen Flugtechnik unter betonter Meidung alles Militärischen. Der nüchterne Text überzeugt durch seine Genauigkeit. Der Leser fühlt sich einbezogen, wenn die Alltagsprobleme des Luftverkehrs geschildert werden, wozu nicht nur Technik und Navigation, sondern auch der Umgang mit komplizierten Passagieren gehören. Informative Abbildungen ergänzen den Text. Etwas zu kurz kommt die Umweltproblematik. - Empfehlenswert für Leser ab 10. Auch für Schulbibliotheken.</marc:subfield>
   </marc:datafield>
   <marc:datafield ind1=" " ind2=" " tag="020">
      <marc:subfield code="a">3788602503</marc:subfield>
      <marc:subfield code="9">3788602503</marc:subfield>
   </marc:datafield>
   <marc:datafield ind1=" " ind2=" " tag="300">
      <marc:subfield code="a">48 S. : überw. Ill. (überw. farb.), graph. Darst, Kt.</marc:subfield>
   </marc:datafield>
</marc:record>
